| 000 | 00523nam a2200193Ia 4500 | ||
|---|---|---|---|
| 001 | 70374 | ||
| 008 | 160116s9999||||xx |||||||||||||| ||und|| | ||
| 020 | _a9781606230183 | ||
| 040 | _cPK-LaUMT | ||
| 082 |
_a 616.898 SCH- _bSCH- |
||
| 100 | _aBeck, Aaron T. | ||
| 245 |
_aSchizophrenia _bcognitive theory, research, and therapy _cBeck, Aaron T.|[et al, ] |
||
| 260 |
_aNew York,USA: _bThe Guilford Press, _c2009 |
||
| 300 | _a418 p. | ||
| 546 | _aEN | ||
| 650 | _aCognitive therapy | ||
| 700 | _a[et al, ] | ||
| 942 | _cBK | ||
| 999 |
_c81424 _d81424 |
||